Normal view
MARC view
Entry Topical Term
001 - CONTROL NUMBER
- control field: 12413
003 - CONTROL NUMBER IDENTIFIER
- control field: OSt
005 - DATE AND TIME OF LATEST TRANSACTION
- control field: 20191022123410.0
008 - FIXED-LENGTH DATA ELEMENTS
- fixed length control field: 191022|| aca||aabn | a|a d
040 ## - CATALOGING SOURCE
- Original cataloging agency: OSt
- Transcribing agency: OSt
150 ## - HEADING--TOPICAL TERM
- Topical term or geographic name entry element: India - Andhra Pradesh - Government and Politics
670 ## - SOURCE DATA FOUND
- Source citation: Work cat.: (OSt): Banerjee, Sumanta 12412, BJP's appropriation of the Telangana Liberation struggle (1946-48)
